<?xml version="1.0" encoding="UTF-8"?>
<marc:record xmlns:marc="http://www.loc.gov/MARC21/slim">
   <marc:leader>00000nam a2200000 a 4500</marc:leader>
   <marc:datafield ind1="1" ind2=" " tag="100">
      <marc:subfield code="a">Adler-Olsen, Jussi</marc:subfield>
      <marc:subfield code="4">aut</marc:subfield>
      <marc:subfield code="e">Verfasser/-in</marc:subfield>
   </marc:datafield>
   <marc:datafield ind1="1" ind2=" " tag="100">
      <marc:subfield code="a">Thiess, Hannes</marc:subfield>
   </marc:datafield>
   <marc:datafield ind1="0" ind2="0" tag="245">
      <marc:subfield code="a">Verheißung</marc:subfield>
   </marc:datafield>
   <marc:datafield ind1="0" ind2="0" tag="245">
      <marc:subfield code="b">der Grenzenlose ; der sechste Fall für Carl Mørck, Sonderdezernat Q ; Thriller</marc:subfield>
   </marc:datafield>
   <marc:datafield ind1="0" ind2="0" tag="245">
      <marc:subfield code="c">Jussi Adler-Olsen. Aus dem Dän. von Hannes Thiess</marc:subfield>
   </marc:datafield>
   <marc:datafield ind1=" " ind2="1" tag="264">
      <marc:subfield code="a">München</marc:subfield>
      <marc:subfield code="b">Deutscher Taschenbuch Verl.</marc:subfield>
      <marc:subfield code="c">2015</marc:subfield>
   </marc:datafield>
   <marc:datafield ind1="1" ind2=" " tag="520">
      <marc:subfield code="a">Siebzehn Jahre lang hat Polizeikommissar Christian Habersaat vergeblich versucht, den Tod einer jungen Frau aufzuklären, die kopfüber in einem Baum hängend aufgefunden wurde. Kurz nachdem er Carl Mørck um Hilfe gebeten hat, kommt er auf schockierende Weise ums Leben &#x96; und nur wenig später sein Sohn. Die Recherchen des Sonderdezernats Q führen nach Öland, zu einem obskuren »Zentrum zur Transzendentalen Vereinigung von Mensch und Natur«. Carl Mørck und seine Assistenten ahnen nicht, dass sie sich in tödliche Gefahr begeben ...</marc:subfield>
   </marc:datafield>
   <marc:datafield ind1=" " ind2=" " tag="020">
      <marc:subfield code="a">9783423280488</marc:subfield>
      <marc:subfield code="9">9783423280488</marc:subfield>
   </marc:datafield>
   <marc:datafield ind1=" " ind2=" " tag="020">
      <marc:subfield code="a">3423280484</marc:subfield>
      <marc:subfield code="9">3423280484</marc:subfield>
   </marc:datafield>
   <marc:datafield ind1=" " ind2=" " tag="300">
      <marc:subfield code="a">596 S.</marc:subfield>
   </marc:datafield>
</marc:record>
